[Event "Cappelle op"]
[Site "Cappelle la Grande"]
[Date "1995.??.??"]
[Round "8"]
[White "Ivanov, Mikhail M"]
[Black "Cvitan, Ognjen"]
[Result "1/2-1/2"]
[WhiteElo "2450"]
[BlackElo "2520"]

1.Nf3 Nf6 2.c4 g6 3.Nc3 Bg7 4.e4 d6 5.d4 O-O 6.Be2 e5 7.d5 a5 8.h3 Na6 9.Bg5 Qe8
10.Nd2 Nd7 11.g4 Ndc5 12.Rg1 Kh8 13.a3 Bd7 14.h4 f5 15.gxf5 gxf5 16.h5 Bf6
17.Bxf6+ Rxf6 18.Qc2 Qf8 19.O-O-O fxe4 20.Ncxe4 Rf4 21.f3 Bf5 22.Rg2 Qh6
23.Kb1 Qxh5 24.Rdg1 Bg6 25.Qd1 Nxe4 26.fxe4 Qh6 27.Ka2 Nc5 28.Rh1 Rh4 29.Rxh4 Qxh4
30.Qf1 Kg7 31.Rg4 Qh6 32.Nf3 Rf8 33.Qg1 Nd3 34.Ng5 Nf4 35.Bd1 Kh8 36.c5 Bh5
37.Rg3 Rg8 38.cxd6 cxd6 39.Bxh5 Qxh5 40.Ne6 Rxg3 41.Qxg3 Qg6 42.Qh4 Nxe6
43.Qe7  1/2-1/2

[Event "Cappelle op"]
[Site "Cappelle la Grande"]
[Date "1995.??.??"]
[Round "8"]
[White "Gurevich, Dmitry"]
[Black "Tkachiev, Vladislav"]
[Result "1/2-1/2"]
[WhiteElo "2530"]
[BlackElo "2575"]

1.d4 Nf6 2.c4 g6 3.Nc3 Bg7 4.e4 d6 5.Nf3 O-O 6.Be2 Na6 7.O-O e5 8.Re1 Qe8
9.Bf1 Bg4 10.d5 Nb4 11.Be2 a5 12.Be3 Nh5 13.a3 Na6 14.h3 Bd7 15.Nd2 Nf4 16.Bf1 b6
17.Nb5 Qd8 18.b4 f5 19.exf5 gxf5 20.Bxf4 exf4 21.Rb1 axb4 22.axb4 Be5 23.Nf3 Qf6
24.Nbd4 Nb8 25.Qd2 Ra4 26.Ne6 Bxe6 27.Nxe5 dxe5 28.dxe6 Qxe6 29.c5 Qf6 30.Bb5 Ra7
31.c6 Kh8 32.Qc3 e4 33.Rbc1 Qxc3 34.Rxc3 Rd8 35.Bf1 Rd2 36.b5 Raa2 37.Rcc1 Rxf2
38.Ra1 Kg7 39.Red1 Rfd2 40.Rxa2 Rxd1 41.Kf2 Rd8 42.Ra7 Re8 43.g3 f3 44.Ke3 h5
45.Ra4 Kf6 46.g4 hxg4 47.hxg4 fxg4 48.Rxe4 Rg8 49.Kf4 Rg5 50.Bc4 Rc5  1/2-1/2

[Event "Cappelle op"]
[Site "Cappelle la Grande"]
[Date "1995.??.??"]
[Round "9"]
[White "Naumkin, Igor"]
[Black "Naylor, John"]
[Result "1-0"]
[WhiteElo "2500"]
[BlackElo "2235"]

1.d4 Nf6 2.c4 g6 3.Nc3 Bg7 4.e4 d6 5.Nf3 O-O 6.Be2 e5 7.d5 a5 8.Bg5 h6 9.Bh4 Na6
10.Nd2 Qe8 11.O-O Nh7 12.a3 Bd7 13.b3 f5 14.exf5 Bxf5 15.g4 e4 16.Rc1 e3
17.gxf5 exd2 18.Qxd2 Nc5 19.Qd1 Rxf5 20.b4 axb4 21.axb4 Ne4 22.Nb5 Qf7 23.Bg4 Nhg5
24.Bxf5 Qxf5 25.Bxg5 Qxg5+ 26.Kh1 Qh4 27.Qc2 Be5 28.f3 Ng3+ 29.Kg1 Nxf1 30.Rxf1 Rf8
31.Nxc7 Rc8 32.Ne6 Kh7 33.f4 Bf6 34.c5 Qh3 35.Qg2 Qb3 36.Qe4 Qa4 37.Kh1 dxc5
38.Rg1 Qe8 39.bxc5 h5 40.Nf8+ Kg7 41.Rxg6+ Kf7 42.Ne6 Qe7 43.Qf5 Rh8 44.Rg7+  1-0

[Event "Cappelle op"]
[Site "Cappelle la Grande"]
[Date "1995.??.??"]
[Round "9"]
[White "Belov, Igor"]
[Black "Gentilleau, Jean Philippe"]
[Result "1-0"]
[WhiteElo "2430"]
[BlackElo "2220"]

1.Nf3 Nf6 2.c4 g6 3.Nc3 Bg7 4.e4 d6 5.d4 O-O 6.Be2 e5 7.d5 a5 8.h3 Na6 9.Bg5 Qe8
10.g4 Nc5 11.Nd2 h6 12.Be3 Nh7 13.h4 f5 14.gxf5 gxf5 15.Bxc5 dxc5 16.Qc2 Kh8
17.O-O-O Ra6 18.Rde1 Nf6 19.Bd3 Nh5 20.exf5 Nf4 21.Be4 Raf6 22.Nf1 Bxf5 23.Bxf5 Rxf5
24.Ng3 R5f6 25.Nge4 Rg6 26.Re3 b6 27.Kb1 Rg4 28.Rg3 Qg6 29.Rhg1 Rxg3 30.fxg3 Nh5
31.Qe2 Rf4 32.Ka1 Rg4 33.Qe3 Nf6 34.Re1 Nxe4 35.Nxe4 h5 36.Qf3 Bh6 37.a3 Bg7
38.Ka2 Qe8 39.Qf5 b5 40.Ng5 Rxg5 41.hxg5 bxc4 42.g6  1-0

[Event "Cappelle op"]
[Site "Cappelle la Grande"]
[Date "1995.??.??"]
[Round "9"]
[White "Yakovich, Yuri"]
[Black "Lupu, Mircea Sergiu"]
[Result "1-0"]
[WhiteElo "2555"]
[BlackElo "2475"]

1.d4 g6 2.e4 Bg7 3.c4 d6 4.Nc3 Nd7 5.Nf3 e5 6.Be2 Ngf6 7.O-O O-O 8.Qc2 exd4
9.Nxd4 Nc5 10.Rd1 Re8 11.f3 a5 12.Ndb5 Bd7 13.Be3 b6 14.Rd2 Nh5 15.g4 Be5
16.gxh5 Bxh2+ 17.Kh1 Re5 18.Bf1 Bg3 19.Kg1 Rxh5 20.Rg2 Rh3 21.Ne2 Be5 22.Rf2 Rh5
23.f4 Qh4 24.Bg2 Bg7 25.Nxc7 Rc8 26.Nd5 Re8 27.Bd4 Nxe4 28.Bxe4 Bf5 29.Bxg7 Kxg7
30.Qc3+ Kh6 31.Bg2 Qh2+ 32.Kf1 Bh3 33.Bxh3 Qh1+ 34.Ng1  1-0

[Event "Ceske Budejovice op"]
[Site "Ceske Budejovice"]
[Date "1995.??.??"]
[Round "1"]
[White "Tolstikh, Nikolay"]
[Black "Neuman, Petr"]
[Result "1-0"]
[WhiteElo "2405"]
[BlackElo "2155"]

1.Nf3 Nf6 2.c4 g6 3.Nc3 Bg7 4.e4 d6 5.d4 O-O 6.Be2 e5 7.dxe5 dxe5 8.Qxd8 Rxd8
9.Bg5 c6 10.Nxe5 Re8 11.O-O-O Na6 12.Rd6 Be6 13.f4 Nc5 14.Bf3 h6 15.Bh4 g5
16.Bf2 Na6 17.g3 Nh7 18.Ng4 Bf8 19.Rd4 Bxg4 20.Bxg4 Bc5 21.Rd2 Bxf2 22.Rxf2 Nc5
23.Be2 Nxe4 24.Nxe4 Rxe4 25.Bd3 Re7 26.Bxh7+ Kxh7 27.fxg5 hxg5 28.Rhf1 Kg7
29.Rf5 Kg6 30.h4 gxh4 31.gxh4 Rg8 32.b3 Kg7 33.Kb2 Kf8 34.R1f2 Rg4 35.h5 Rh4
36.Ka3 Ke8 37.Kb4 Kd8 38.Rg5 b5 39.Rf6 a5+ 40.Kc5 bxc4 41.bxc4 Ree4 42.Rxf7 Rxc4+
43.Kb6 Rb4+ 44.Ka6 Ke8 45.Rh7 Rhg4 46.Rxg4 Rxg4 47.Kxa5 c5 48.Rc7  1-0

[Event "Ceske Budejovice op"]
[Site "Ceske Budejovice"]
[Date "1995.??.??"]
[Round "7"]
[White "Tunik, Gennady"]
[Black "Mudrak, Josef"]
[Result "1-0"]
[WhiteElo "2515"]
[BlackElo "2335"]

1.d4 Nf6 2.c4 g6 3.Nc3 Bg7 4.e4 d6 5.Nf3 O-O 6.Be2 e5 7.O-O Nbd7 8.Qc2 c6
9.Rd1 Qe7 10.Rb1 Re8 11.d5 c5 12.a3 Rf8 13.b4 b6 14.g3 Ne8 15.Nh4 Bf6 16.Ng2 Bg5
17.Bd3 Bxc1 18.Rdxc1 cxb4 19.axb4 a5 20.Na4 axb4 21.Rxb4 Nc7 22.Nxb6 Na6
23.Nxc8 Rfxc8 24.Rbb1 Nac5 25.Ra1 f5 26.exf5 e4 27.Be2 gxf5 28.Qc3 Ne5 29.Rxa8 Rxa8
30.Ra1 Rb8 31.Nf4 Kf7 32.Bh5+ Kg7 33.Bd1 Rb7 34.Kg2 Kf7 35.Ra8 Rb1 36.Bh5+ Kg7
37.Be2 Rb7 38.Nh5+ Kh6 39.Rg8 Rb3 40.Qd2+ e3 41.Qd4 Ng6 42.Re8 Rd3 43.Bxd3 Qxe8
44.Qg7+ Kxh5  1-0

[Event "Ceuta"]
[Site "Ceuta"]
[Date "1995.??.??"]
[Round "4"]
[White "Pogorelov, Ruslan"]
[Black "Custodio, Rafael"]
[Result "1-0"]
[WhiteElo "2440"]
[BlackElo "2210"]

1.Nf3 Nf6 2.c4 g6 3.Nc3 Bg7 4.e4 d6 5.d4 O-O 6.Be2 e5 7.d5 a5 8.Be3 Na6 9.Nd2 Ne8
10.O-O f5 11.f3 f4 12.Bf2 g5 13.g4 Nf6 14.a3 h5 15.h3 hxg4 16.hxg4 Bd7 17.Rb1 Nc5
18.b4 axb4 19.axb4 Na4 20.Nxa4 Bxa4 21.Qc1 Bd7 22.c5 Rf7 23.c6 bxc6 24.dxc6 Be6
25.Bc4 Bxc4 26.Qxc4 d5 27.exd5 Qxd5 28.Qxd5 Nxd5 29.Ne4 Bf6 30.Rfd1 Ne7 31.b5 Kg7
32.Rd7 Nc8 33.Rbd1 Rb8 34.Rxf7+ Kxf7 35.Rd7+ Ke6 36.Nc5+  1-0

[Event "Chicago op"]
[Site "Chicago"]
[Date "1995.??.??"]
[Round "1"]
[White "Gurevich, Dmitry"]
[Black "Popovych, Orest"]
[Result "1-0"]
[WhiteElo "2530"]
[BlackElo "2260"]

1.d4 Nf6 2.c4 g6 3.Nc3 Bg7 4.e4 d6 5.Nf3 O-O 6.Be2 Nbd7 7.O-O e5 8.Be3 c6
9.d5 Ng4 10.Bg5 f6 11.Bd2 Qe7 12.Qc2 Nh6 13.b4 Nf7 14.Rab1 Bh6 15.dxc6 bxc6
16.b5 Bb7 17.Bxh6 Nxh6 18.Qd2 Kg7 19.Rfd1 Nf7 20.bxc6 Bxc6 21.Nd5 Bxd5 22.Qxd5 Nb6
23.Qa5 Rac8 24.Qa6 Rc6 25.Nd2 Rfc8 26.a4 R8c7 27.Qb5 Nd8 28.a5 Nd7 29.Nf1 Rc5
30.Qb3 Rxa5 31.Qg3 Kh8 32.Ne3 Nb6 33.h4 Ne6 34.h5 Nd4 35.Bf1 Qg7 36.Nd5 Rb7
37.Rxd4 exd4 38.Qxd6 Rf7 39.c5 Nd7 40.c6 Nb6 41.c7  1-0

[Event "Chicago op"]
[Site "Chicago"]
[Date "1995.??.??"]
[Round "3"]
[White "Gurevich, Dmitry"]
[Black "Brooks, Michael A"]
[Result "1-0"]
[WhiteElo "2530"]
[BlackElo "2445"]

1.d4 Nf6 2.c4 g6 3.Nc3 Bg7 4.e4 d6 5.Nf3 O-O 6.Be2 e5 7.O-O exd4 8.Nxd4 Nc6
9.Be3 Re8 10.f3 Nh5 11.Re1 f5 12.c5 Nxd4 13.Bxd4 dxc5 14.Bc4+ Be6 15.Bxe6+ Rxe6
16.Bxc5 Qxd1 17.Raxd1 fxe4 18.Nxe4 Rae8 19.Rd7 Nf6 20.Rxc7 Nxe4 21.fxe4 b6
22.Bf2 a6 23.Rc2 Rxe4 24.Rxe4 Rxe4 25.Bxb6 Rb4 26.Rc8+ Kf7 27.Rc7+ Kg8 28.Bc5 Rc4
29.b4 Rc2 30.a3 Ra2 31.Ra7 Rxa3 32.Kf2 Be5 33.h3 Bc3 34.Ke2 Ra4 35.Rb7 Ra2+
36.Kd3 Be1 37.Re7 Rd2+ 38.Kc4 Bh4 39.Re4 Bf6 40.Re6 Kf7 41.Rxa6 Rxg2 42.Ra7+ Kg8
43.b5 Be5 44.b6 h5 45.Re7 Bh2 46.Bd4 Kf8 47.Re6 Kf7 48.Kd5 Rg5+ 49.Be5 Rg1
50.Bxh2 Rd1+ 51.Ke4 Re1+ 52.Kf3 Kxe6 53.b7 Rf1+ 54.Ke2 Rb1 55.b8=Q Rxb8 56.Bxb8 Kf5
57.Kf3 g5 58.Ke3  1-0

[Event "Clichy"]
[Site "Clichy"]
[Date "1995.??.??"]
[Round "?"]
[White "Nikcevic, Nebojsa"]
[Black "Tkachiev, Vladislav"]
[Result "0-1"]
[WhiteElo "2470"]
[BlackElo "2605"]

1.d4 Nf6 2.c4 g6 3.Nc3 Bg7 4.e4 d6 5.Nf3 O-O 6.Be2 Na6 7.O-O e5 8.Re1 Qe8
9.Bf1 Bg4 10.d5 Nb4 11.Rb1 c5 12.Nb5 Qe7 13.a3 Na6 14.h3 Bd7 15.b4 Ne8 16.Rb3 b6
17.Nh2 f5 18.exf5 gxf5 19.f4 e4 20.Bb2 Bxb2 21.Rxb2 Qg7 22.Rb3 Rf6 23.Qa1 Qh6
24.Qc1 Rg6 25.Be2 Qh4 26.Rf1 cxb4 27.axb4 Nxb4 28.Qe1 Qxe1 29.Rxe1 Nc2 30.Rd1 a5
31.Bh5 Rf6 32.Nf1 Rd8 33.Be2 Nb4 34.Nc3 Nc7 35.Ne3 Nca6 36.Rdb1 Nc5 37.Ra3 Kf8
38.Bd1 Ncd3 39.g3 Ke7 40.Kh2 Rh8 41.Ne2 h5 42.h4 Nf2 43.Nd4 Nxd1 44.Rxd1 Rc8
45.Rb1 Rff8 46.Rb2 Rc7 47.Ndc2 Nxc2 48.Rxc2 Rb8 49.Rb2 Rcb7 50.Rab3 Kd8 51.Kg2 b5
52.cxb5 a4 53.Rb4 Rxb5 54.Rxb5 Rxb5 55.Rxb5 Bxb5 56.Kf2 Bd3  0-1

[Event "Copenhagen op17"]
[Site "Copenhagen"]
[Date "1995.??.??"]
[Round "2"]
[White "Fant, Goran"]
[Black "Sinkbaek, Aage"]
[Result "1-0"]
[WhiteElo "2080"]
[BlackElo "2220"]

1.d4 Nf6 2.c4 g6 3.Nc3 Bg7 4.e4 d6 5.Be2 O-O 6.Nf3 e5 7.d5 Nbd7 8.Bg5 h6
9.Bh4 g5 10.Bg3 Nh5 11.h4 Nxg3 12.fxg3 g4 13.Nd2 h5 14.O-O a5 15.Qc2 Nc5
16.b3 f5 17.exf5 e4 18.f6 Bxf6 19.Rad1 Qe7 20.Ndxe4 Nxe4 21.Nxe4 Bd7 22.Nxf6+ Rxf6
23.Rxf6 Qxf6 24.Rf1 Qg7 25.Bd3 Rf8 26.Bh7+ Kh8 27.Rxf8+ Qxf8 28.Bg6 Qf6 29.Bxh5 Kg7
30.Qe2 Qe5 31.Qxe5+ dxe5 32.Kf2 Bf5 33.Be8 b6 34.Ke3 Kf8 35.Bb5 Ke7 36.a3 Bg6
37.b4 axb4 38.axb4 Kd6 39.Ba4 Bh5 40.Bb5 Bg6 41.Ba6 Bh5 42.Bb7 Bg6 43.Bc8 b5
44.c5+ Kxd5 45.Bxg4 Kc4 46.h5 Bh7 47.Be6+ Kxb4 48.g4 Kxc5 49.g5 Kd6 50.Ba2 Ke7
51.g6 Bxg6 52.hxg6 Kf6 53.Ke4 Kxg6 54.Kxe5 Kg5 55.Kd4 Kg4 56.Kc5 c6 57.Bb1 Kf4
58.Bc2 Ke3 59.Bd1  1-0

[Event "Copenhagen3"]
[Site "Copenhagen"]
[Date "1995.??.??"]
[Round "3"]
[White "Olsen, Heini"]
[Black "Molvig, Henrik"]
[Result "1-0"]
[WhiteElo "2360"]
[BlackElo "2205"]

1.d4 Nf6 2.c4 g6 3.Nc3 Bg7 4.e4 d6 5.Nf3 O-O 6.Be2 e5 7.d5 a5 8.Bg5 h6 9.Bh4 Na6
10.Nd2 Qe8 11.O-O Nh7 12.a3 Bd7 13.Kh1 h5 14.f3 Bh6 15.b3 Be3 16.Ra2 c6 17.Qb1 Bd4
18.Rc1 g5 19.Be1 Nf6 20.Nf1 Kh8 21.Ng3 Nc7 22.Qd3 Rg8 23.dxc6 bxc6 24.Nf5 Bxf5
25.exf5 d5 26.cxd5 cxd5 27.Nd1 Qe7 28.Rac2 Na6 29.Rc6 Nc5 30.Qc2 Ncd7 31.Nc3 Be3
32.Bd2 Bxd2 33.Qxd2 d4 34.Ne4 Nxe4 35.fxe4 Nf6 36.Bxh5 Nxh5 37.Rh6+ Kg7 38.Rxh5 f6
39.b4 Rac8 40.h4 Rh8 41.Rxc8 Rxh5 42.g3 Rh8 43.Rxh8 Kxh8 44.hxg5 axb4 45.axb4 Qb7
46.Qh2+ Kg8 47.Qa2+ Kh8 48.Qh2+ Kg8 49.Qa2+ Kh8 50.Qe2 Qh7+ 51.Kg2 fxg5 52.Qb5 Qe7
53.Qc5 Qe8 54.Qd6 Qb5 55.Qh6+ Kg8 56.Qxg5+ Kf8 57.Qf6+ Kg8 58.Qd8+ Kh7 59.Qe7+ Kg8
60.Qg5+ Kf8 61.f6 Qe2+ 62.Kh3 Qf1+ 63.Kg4 Qe2+ 64.Kf5 Qf1+ 65.Kg6 Qh3 66.Qxe5 Qg4+
67.Kh6 Qd7 68.b5 d3 69.b6 d2 70.b7 Qxb7 71.Qd6+ Ke8 72.Qxd2 Qxe4 73.Qg5 Qe6
74.Qg6+ Kf8 75.Qg7+ Ke8 76.Qe7+ Qxe7 77.fxe7 Kxe7 78.Kg7  1-0

[Event "Copenhagen K41"]
[Site "Copenhagen"]
[Date "1995.??.??"]
[Round "3"]
[White "Akesson, Ralf"]
[Black "Mortensen, Erling"]
[Result "1-0"]
[WhiteElo "2500"]
[BlackElo "2500"]

1.d4 Nf6 2.c4 g6 3.Nc3 Bg7 4.e4 d6 5.Be2 O-O 6.Nf3 e5 7.Be3 Ng4 8.Bg5 f6
9.Bh4 g5 10.Bg3 Nh6 11.dxe5 dxe5 12.h4 g4 13.Nh2 Qxd1+ 14.Rxd1 c6 15.Nf1 Na6
16.Ne3 Be6 17.h5 Rfd8 18.Rh4 Rxd1+ 19.Bxd1 Kf7 20.Bxg4 Nxg4 21.Nxg4 Bxc4
22.h6 Bf8 23.Bxe5 Nb4 24.Bxf6 Nd3+ 25.Kd2 Nxb2 26.e5 b5 27.f4 Bb4 28.f5 Bxa2
29.e6+ Bxe6 30.fxe6+ Kxe6 31.Rh5 Nc4+ 32.Kc2 Rg8 33.Bg7 Be7 34.Ne4 Rd8 35.Bf6 Bxf6
36.Ngxf6 Nd6 37.g4 Nxe4 38.Nxe4 Kf7 39.Rg5 Rg8 40.Rf5+ Ke7 41.g5 Rh8 42.Re5+ Kf7
43.Rc5 Ke6 44.Kd3 Rc8 45.Nf6 Rc7 46.Ke4 b4 47.Re5+ Kf7 48.Nxh7 b3 49.Kf5  1-0

[Event "DEN-ch qual"]
[Site "Copenhagen"]
[Date "1995.??.??"]
[Round "4"]
[White "Hartung Nielsen, Jens"]
[Black "Aagaard, Jacob"]
[Result "1/2-1/2"]
[WhiteElo "2260"]
[BlackElo "2245"]

1.d4 Nf6 2.Nf3 g6 3.c4 Bg7 4.Nc3 O-O 5.e4 d6 6.Be2 e5 7.Be3 Ng4 8.Bg5 f6
9.Bh4 g5 10.Bg3 Nh6 11.dxe5 dxe5  1/2-1/2

[Event "Copenhagen op17"]
[Site "Copenhagen"]
[Date "1995.??.??"]
[Round "4"]
[White "Auchenberg, Per"]
[Black "Isaksen, Brian"]
[Result "1-0"]
[WhiteElo "2215"]
[BlackElo "2245"]

1.d4 Nf6 2.c4 g6 3.Nc3 Bg7 4.e4 d6 5.Nf3 O-O 6.Be2 e5 7.O-O Na6 8.Re1 c6
9.Bf1 exd4 10.Nxd4 Re8 11.Nb3 Qe7 12.Bf4 Rd8 13.Qd2 Nh5 14.Bg5 f6 15.Be3 Bf8
16.f3 Be6 17.Qf2 Qf7 18.Rac1 Nc5 19.Nd2 a5 20.f4 f5 21.e5 Nd7 22.exd6 Bxd6
23.c5 Bf8 24.b3 Nhf6 25.h3 Nd5 26.Bd4 h6 27.Bc4 Re8 28.Na4 Bg7 29.Re2 Bxd4
30.Qxd4 Qf6 31.Nf3 Bf7 32.Ne5 Nxf4 33.Bxf7+ Qxf7 34.Qxf4 Qg7 35.Rce1 Nf6
36.Nb6 Rad8 37.Nec4 Ne4 38.Nxa5 Qd4+ 39.Kh2 Qxc5 40.Nac4  1-0

[Event "Copenhagen op17"]
[Site "Copenhagen"]
[Date "1995.??.??"]
[Round "4"]
[White "Lyrberg, Patrik"]
[Black "Brondum, Eric"]
[Result "1-0"]
[WhiteElo "2415"]
[BlackElo "2245"]

1.d4 Nf6 2.c4 g6 3.Nc3 Bg7 4.e4 d6 5.Nf3 O-O 6.Be2 e5 7.d5 Nbd7 8.Bg5 h6
9.Bh4 g5 10.Bg3 Nh5 11.h4 g4 12.Nh2 f5 13.exf5 Nc5 14.O-O Bxf5 15.Bxg4 Nxg3
16.fxg3 Bd3 17.Be2 e4 18.Bxd3 exd3 19.Qg4 Kh8 20.Rxf8+ Qxf8 21.Rf1 Qe7 22.Nf3 Rf8
23.Re1 Qd7 24.Qxd7 Nxd7 25.Re3 Nb6 26.Rxd3 Nxc4 27.b3 Na3 28.Nd4 Be5 29.Nce2 a6
30.Nf4 Kh7 31.Nfe6 Rc8 32.Rf3 c5 33.Nf5 Re8 34.g4 c4 35.bxc4 Nxc4 36.g5 Nd2
37.Rd3 Ne4 38.Re3 Kg6 39.g4 Nd2 40.h5+ Kh7 41.g6+  1-0

[Event "Sommerskak"]
[Site "Copenhagen"]
[Date "1995.??.??"]
[Round "7"]
[White "Hellsten, Johan"]
[Black "Volke, Karsten"]
[Result "0-1"]
[WhiteElo "2430"]
[BlackElo "2450"]

1.d4 Nf6 2.c4 g6 3.Nc3 Bg7 4.e4 d6 5.Nf3 O-O 6.Be2 e5 7.d5 a5 8.Bg5 h6 9.Bh4 Na6
10.O-O Bd7 11.Nd2 Qe8 12.Kh1 Nh7 13.a3 h5 14.f3 Bf6 15.Bf2 Bg5 16.b3 h4 17.Rb1 Nc5
18.Nb5 Bxb5 19.cxb5 b6 20.Rb2 Qe7 21.Qc2 Nf6 22.Rd1 Nh5 23.Bf1 Bf4 24.Nc4 Qg5
25.Qc3 f5 26.exf5 gxf5 27.Qe1 Ng3+ 28.Kg1 e4 29.b4 axb4 30.axb4 Rae8 31.bxc5 exf3
32.Bxg3 hxg3 33.Qc3 f2+ 34.Kh1 Qh5 35.h3 Qxd1 36.Nd2 Re1 37.Qc4 Bxd2  0-1

[Event "Copenhagen op2"]
[Site "Copenhagen"]
[Date "1995.??.??"]
[Round "8"]
[White "Bekker Jensen, Simon"]
[Black "Rej, Dennis"]
[Result "0-1"]
[WhiteElo "2245"]
[BlackElo "2255"]

1.d4 Nf6 2.c4 d6 3.Nc3 Nbd7 4.Nf3 g6 5.e4 e5 6.Be2 Bg7 7.O-O O-O 8.dxe5 dxe5
9.Bg5 c6 10.Qc2 Qc7 11.b4 Re8 12.Rfd1 h6 13.Be3 Ng4 14.Bd2 Nf8 15.h3 Nf6
16.Be3 Ne6 17.c5 Nh5 18.Na4 Nef4 19.Bc4 Bd7 20.Qb3 Re7 21.Rd2 Rf8 22.Rad1 Qc8
23.b5 g5 24.Nh2 Nf6 25.f3 h5 26.bxc6 bxc6 27.Re1 Bh6 28.Bxf4 gxf4 29.Rd6 Bg5
30.Qd3 Kg7 31.Rd1 Bh4 32.Nb2 Qb7 33.Qd2 Bc8 34.Nd3 Bg5 35.h4 Bh6 36.Nb4 Bd7
37.Rxf6 Kxf6 38.Qd6+ Be6 39.Nxc6 Rd7 40.Qxe5+ Kg6 41.Rd6 Rxd6 42.Qxd6 Re8
43.Nd4 Bf8 44.Qe5 f6 45.Qxf4 Bxc4 46.Qf5+ Kg7 47.Qxh5 Qf7 48.Nf5+ Kg8 49.Qg4+ Kh7
50.Nd6 Bxd6 51.cxd6 Be6 52.Qf4 Rd8 53.g4 Kg7 54.Qg3 Qf8 55.g5 Qxd6 56.gxf6+ Kxf6
57.Qg5+ Kf7 58.Qh5+ Ke7 59.Qg5+ Kd7 60.Qg7+ Qe7 61.Qd4+ Kc6 62.Qa4+ Kb6  0-1

[Event "Copenhagen BSF-B"]
[Site "Copenhagen"]
[Date "1995.??.??"]
[Round "9"]
[White "Adamski, Jan"]
[Black "Andersen, Kaare Vissing"]
[Result "1/2-1/2"]
[WhiteElo "2390"]
[BlackElo "2295"]

1.Nf3 Nf6 2.c4 g6 3.Nc3 Bg7 4.e4 d6 5.d4 O-O 6.Be2 e5 7.Be3 Ng4 8.Bg5 f6
9.Bc1 f5 10.Bg5 Qd7 11.dxe5 Nxe5 12.Nxe5 Bxe5 13.exf5 Qxf5 14.Be3 Bxc3+ 15.bxc3 Nc6
16.O-O Be6 17.Rb1 Rab8 18.Qa4 Bd7 19.Qd1  1/2-1/2

[Event "Copenhagen op17"]
[Site "Copenhagen"]
[Date "1995.??.??"]
[Round "10"]
[White "Auchenberg, Per"]
[Black "Sinkbaek, Aage"]
[Result "1/2-1/2"]
[WhiteElo "2215"]
[BlackElo "2220"]

1.d4 Nf6 2.c4 g6 3.Nc3 Bg7 4.e4 d6 5.Nf3 O-O 6.Be2 e5 7.O-O Nbd7 8.Re1 c6
9.Bf1 exd4 10.Nxd4 Ng4  1/2-1/2

[Event "ESP-chT"]
[Site "Cordoba"]
[Date "1995.??.??"]
[Round "4"]
[White "Mellado Trivino, Juan"]
[Black "Blazquez Gomez, Juan Carlos"]
[Result "1-0"]
[WhiteElo "2460"]
[BlackElo "2285"]

1.e4 d6 2.d4 g6 3.c4 Nf6 4.Nc3 Bg7 5.Nf3 O-O 6.Be2 e5 7.dxe5 dxe5 8.Qxd8 Rxd8
9.Bg5 Nbd7 10.O-O-O Rf8 11.Nd5 c6 12.Ne7+ Kh8 13.Be3 Re8 14.Nxc8 Raxc8 15.g4 Nf8
16.Nd2 Ne6 17.g5 Nd7 18.Nb3 Rcd8 19.Bg4 Nd4 20.h4 b6 21.f4 f5 22.exf5 gxf5
23.Bh5 Nxb3+ 24.axb3 Rf8 25.Rhe1 e4 26.b4 c5 27.Rd6 Nb8 28.bxc5 bxc5 29.Bxc5 Rxd6
30.Bxd6 Rd8 31.c5 Nc6 32.Bf7 Nd4 33.Rd1 e3 34.Rd3 Ne2+ 35.Kc2 Nd4+ 36.Kd1 Nb5
37.Ke2 Bxb2 38.Be5+  1-0

[Event "ESP-chT"]
[Site "Cordoba"]
[Date "1995.??.??"]
[Round "7"]
[White "Franco Ocampo, Zenon"]
[Black "Cramling, Pia"]
[Result "0-1"]
[WhiteElo "2490"]
[BlackElo "2520"]

1.d4 Nf6 2.Nf3 g6 3.c4 Bg7 4.Nc3 O-O 5.e4 d6 6.Be2 e5 7.O-O Na6 8.d5 Nc5
9.Qc2 a5 10.Bg5 h6 11.Be3 b6 12.Nd2 Ng4 13.Bxg4 Bxg4 14.a3 Na6 15.Rab1 f5
16.exf5 gxf5 17.f4 e4 18.Nb3 Nc5 19.Nd4 a4 20.Nc6 Qe8 21.Nb5 Qd7 22.Bd4 Rae8
23.h3 Bh5 24.Rbe1 Bxd4+ 25.Nbxd4 e3 26.Kh2 Re4 27.Ne2 Bxe2 28.Rxe2 Nb3 29.Qd3 Rfe8
30.Rfe1 Nc5 31.Qc2 h5 32.Rf1 Nb3 33.Rf3 h4 34.Qd3 Nc1 35.Qc2 Nxe2 36.Qxe2 Qg7
37.Nb4 Qd4 38.Nd3 Qxc4 39.Rf1 Qxd5 40.Qh5 Qf7  0-1

[Event "ESP-chT"]
[Site "Cordoba"]
[Date "1995.??.??"]
[Round "8"]
[White "Avila Jimenez, Javier"]
[Black "Teran Alvarez, Ismael"]
[Result "0-1"]
[WhiteElo "2190"]
[BlackElo "2345"]

1.d4 Nf6 2.c4 g6 3.Nc3 Bg7 4.e4 O-O 5.Nf3 d6 6.Be2 e5 7.d5 a5 8.Bg5 h6 9.Bh4 Na6
10.Nd2 Qe8 11.a3 Bd7 12.b3 Nh7 13.Bg4 Bxg4 14.Qxg4 h5 15.Qg3 f6 16.f4 exf4
17.Qf3 g5 18.Bf2 f5 19.O-O fxe4 20.Ndxe4 Qg6 21.Rad1 Rae8 22.Rfe1 g4 23.Qd3 f3
24.g3 Re7 25.Bd4 Nc5 26.Bxc5 dxc5 27.d6 cxd6 28.Nd5 Re6 29.Nef6+ Rfxf6 30.Rxe6 f2+
31.Kg2 f1=Q+ 32.Qxf1 Rxe6 33.Nf4 Qe4+  0-1

[Event "ESP-chT"]
[Site "Cordoba"]
[Date "1995.??.??"]
[Round "8"]
[White "Oms Pallise, Josep"]
[Black "Comas Fabrego, Luis"]
[Result "1/2-1/2"]
[WhiteElo "2340"]
[BlackElo "2490"]

1.Nf3 Nf6 2.c4 g6 3.Nc3 Bg7 4.e4 d6 5.d4 O-O 6.Be2 Na6 7.O-O e5 8.Re1 c6
9.Bf1 Bg4 10.d5 c5 11.h3 Bd7 12.Bg5 h6 13.Bd2 Ne8 14.g3 f5 15.Nh4 Qf6 16.exf5 gxf5
17.f4 e4 18.Be3 Nac7 19.Rc1 Rb8 20.b4 cxb4 21.Nb5 a6 22.Nd4 a5 23.Qh5 Qf7
24.Be2 Qxh5 25.Bxh5 b5 26.Be2 bxc4 27.Bxc4 Bxd4 28.Bxd4 Bb5 29.g4 Bxc4 30.Rxc4 fxg4
31.Ng6 Rf7 32.hxg4 Nxd5 33.Rxe4 Ndf6 34.Ne7+ Kf8 35.Ng6+ Kg8 36.Ne7+ Kf8
37.Ng6+ Kg7 38.Ne7 Rb7 39.Nd5 Kh7 40.Rc8 Nxe4 41.Rxe8 Nc3 42.f5 Rb8 43.Rxb8 Ne2+
44.Kf2 Nxd4 45.Ke3 Nc6 46.Rb6 Ne7 47.Rxd6 Rxf5 48.Nxe7 Re5+ 49.Kf4 Rxe7  1/2-1/2

[Event "ESP-chT"]
[Site "Cordoba"]
[Date "1995.??.??"]
[Round "8"]
[White "Giorgadze, Giorgi"]
[Black "Cramling, Pia"]
[Result "1/2-1/2"]
[WhiteElo "2590"]
[BlackElo "2520"]

1.d4 Nf6 2.c4 g6 3.Nc3 Bg7 4.e4 d6 5.Nf3 O-O 6.Be2 e5 7.Be3 Na6 8.d5 Ng4
9.Bg5 f6 10.Bh4 h5 11.Nd2 Qe8 12.h3 Nh6 13.g4 hxg4 14.hxg4 Qe7 15.a3 Nf7
16.Qc2 Bh6 17.O-O-O c5 18.Kb1 Kg7 19.Bg3 Nc7 20.b4 Na6 21.b5 Nc7 22.Nb3 b6
23.Kb2 Bd7 24.Ra1 Rh8 25.Qd3 Bf4 26.Qf3 Ng5 27.Qg2 Rxh1 28.Rxh1 Bxg3 29.Qxg3 Rh8
30.Rh2  1/2-1/2

[Event "Coria op"]
[Site "Coria"]
[Date "1995.??.??"]
[Round "2"]
[White "Romero, S."]
[Black "Komljenovic, Davor"]
[Result "0-1"]
[WhiteElo "2065"]
[BlackElo "2465"]

1.d4 Nf6 2.Nf3 g6 3.c4 Bg7 4.Nc3 d6 5.e4 O-O 6.Be2 e5 7.Be3 Ng4 8.Bg5 f6
9.Bc1 Nc6 10.d5 Ne7 11.h3 Nh6 12.O-O Nf7 13.b4 f5 14.Ng5 Nxg5 15.Bxg5 h6
16.Bxe7 Qxe7 17.f3 Bf6 18.c5 Bg5 19.Qd3 Bf4 20.Bd1 Qg5 21.Ne2 fxe4 22.Qxe4 Bxh3
23.Nxf4 Rxf4 24.Qe2 e4 25.c6 b6 26.Rb1 exf3 27.Rxf3 Bg4 28.Rg3 Bxe2 29.Rxg5 Rf1+  0-1

[Event "Coria op"]
[Site "Coria"]
[Date "1995.??.??"]
[Round "9"]
[White "Pogorelov, Ruslan"]
[Black "Calvo, Jesus Maria"]
[Result "1-0"]
[WhiteElo "2440"]
[BlackElo "2315"]

1.Nf3 g6 2.c4 Bg7 3.d4 Nf6 4.Nc3 O-O 5.e4 d6 6.Be2 Nbd7 7.O-O e5 8.Re1 c6
9.Bf1 a5 10.d5 Nc5 11.b3 cxd5 12.cxd5 Bd7 13.Bg5 h6 14.Bxf6 Qxf6 15.Nd2 Qe7
16.Bc4 f5 17.Qe2 Rf7 18.Bb5 Raf8 19.Bxd7 Qxd7 20.a3 Bf6 21.b4 Na4 22.Nxa4 Qxa4
23.Nc4 Be7 24.Nxa5 Kg7 25.Ra2 Bh4 26.g3 Bd8 27.Nc4 Qd7 28.exf5 b5 29.Nd2 Bb6
30.Rf1 gxf5 31.Kg2 h5 32.Rc2 h4 33.Rc6 Bd8 34.f3 Kh8 35.g4 Bg5 36.gxf5 Bxd2
37.Qxd2 Qxf5 38.Rxd6 Rg7+ 39.Kh1 e4 40.Rh6+ Kg8 41.Rxh4 exf3 42.Qh6 f2 43.Qe6+ Rff7
44.Qxf5 Rxf5 45.Rd4 Kf8 46.Rd2 Rgf7 47.Re2 Rf3 48.d6 Rxa3 49.Rexf2 Rxf2 50.Rxf2+ Ke8
51.Rf5 Kd7 52.Rxb5 Kxd6 53.Rg5 Rb3 54.Rg4 Rb2 55.h4 Ke6 56.Kg1 Kf5 57.Rc4 Ke5
58.h5 Kf5 59.h6 Rb1+ 60.Kf2 Rh1 61.Rc6 Kf4 62.b5 Rh2+ 63.Kg1 Rh5 64.b6 Kf3
65.Rc3+ Ke2 66.Rb3 Rg5+ 67.Kh2 Kf2 68.Kh3  1-0

[Event "Crailsheim op 1st"]
[Site "Crailsheim"]
[Date "1995.??.??"]
[Round "?"]
[White "Adamski, Jan"]
[Black "Ljubomir, I."]
[Result "1/2-1/2"]
[WhiteElo "2450"]
[BlackElo "2050"]

1.Nf3 Nf6 2.c4 g6 3.Nc3 Bg7 4.d4 O-O 5.e4 d6 6.Be2 e5 7.Be3 Nc6 8.d5 Ne7
9.Nd2 Nd7 10.O-O f5 11.f3 f4 12.Bf2 g5 13.b4 Rf7 14.c5 a6 15.Nc4 Nf6 16.cxd6 cxd6
17.b5 Bf8 18.Bb6 Qd7 19.Bf2 Qd8 20.bxa6 Rxa6 21.Qb3 g4 22.Bb6 Qd7 23.Nd2 gxf3
24.Nxf3 Rg7 25.Bxa6 bxa6 26.Qc2 h5 27.Kh1 Qe8  1/2-1/2

[Event "Crailsheim op 1st"]
[Site "Crailsheim"]
[Date "1995.??.??"]
[Round "?"]
[White "Adamski, Jan"]
[Black "Szenetra, Werner"]
[Result "1-0"]
[WhiteElo "2450"]
[BlackElo "2280"]

1.Nf3 g6 2.d4 Bg7 3.c4 Nf6 4.Nc3 O-O 5.e4 d6 6.Be2 Nbd7 7.O-O e5 8.d5 a5
9.Bg5 h6 10.Bh4 g5 11.Bg3 Nh5 12.Nd2 Nf4 13.Bg4 Nc5 14.f3 c6 15.Nb3 Ncd3
16.Bxf4 Nxf4 17.g3 Ng6 18.Rf2 c5 19.Nd2 Ne7 20.Bxc8 Rxc8 21.Nb5 Qd7 22.Kg2 f5
23.exf5 Nxf5 24.Qb3 a4 25.Qd3 Bf6 26.Ne4 Be7 27.b3 Ra8 28.Rff1 Ra6 29.Nbc3 axb3
30.axb3 Rxa1 31.Rxa1 Nd4 32.Nd2 Kg7 33.h3 Rf7 34.Ne2 Bf6 35.Ne4 Nf5 36.Ra2 Be7
37.Ra7 Bd8 38.Qd1 Bb6 39.Ra8 Rf8 40.Rxf8 Kxf8 41.h4 gxh4 42.g4 Qg7 43.Kh3 Ne7
44.Kxh4 Bd8 45.Kh3 h5 46.N2g3 hxg4+ 47.fxg4 Qh7+ 48.Nh5 Ng6 49.Kg3 Bh4+ 50.Kf3 Be7
51.Qe2 Qf7+ 52.Kg2 Kg8 53.Qf2 Nf4+ 54.Nxf4 exf4 55.Kf3 Bf8 56.Qh2 Qg7 57.Qxf4 Qa1
58.Qe3 Qh1+ 59.Kg3 Be7 60.g5  1-0